Statistics for Most Populous Countries in 1000 CE

Click here to take the quiz!

General Stats

  • This quiz has been taken 16 times
  • The average score is 14 of 37

Answer Stats

PopulationAnswer% Correct
32,500,000-80,000,000Song Dynasty
100%
7,000,000Caliphate of Córdoba
88%
12,000,000Byzantine Empire
81%
7,000,000Japan
75%
1,250,000Kingdom of England
75%
7,200,000Kingdom of France
69%
200,000Kingdom of Norway
69%
1,000,000Civitas Schinesghe
63%
3,000,000-5,000,000Goryeo
63%
412,000Kingdom of Sweden
63%
900,000Duchy of Bohemia
56%
630,000Kingdom of Denmark
56%
1,200,000Great Cồ Việt
50%
5,400,000Kievan Rus
50%
400,000Kingdom of Scotland
50%
2,087,000First Bulgarian Empire
44%
1,250,000Grand Principality of Hungary
44%
4,000,000Khmer Empire
44%
12,500,000Fatimid Caliphate
38%
60,000Most Serene Republic of Venice
38%
5,250,000-7,750,000Great Liao
25%
620,000Kingdom of Croatia
25%
400,000Switzerland
25%
4,000,000-20,000,000Chola Empire
19%
286,000Duchy of Bosnia
19%
1,500,000-2,000,000Kingdom of Pagan
19%
16,000,000-17,000,000Pāla Empire
19%
4,500,000Toltec Empire
19%
1,000,000Alodia
6%
6,500,000-8,500,000Buyid Dynasty
6%
800,000Duchy of Carinthia
6%
900,000Duchy of Lower Lotharingia
6%
6,000,000-7,000,000Gurjara-Pratihara Dynasty
6%
2,000,000Kingdom of Makuria
6%
3,000,000Wari Empire
6%
9,000,000-10,000,000Western Chalukya Empire
6%
1,000,000Zagwe Dynasty
6%

Score Distribution

Percentile by Number Answered

Percent of People with Each Score

Your Score History

You have not taken this quiz